00264 a2200121 4500001000700000040003500007100002500042240002500067245002000092300000800112362000900120440001300129153244 cEscola São Tomás de Aquino aSHAKESPEARE, William10aA megera domadalpor10aA megera domada a1200 a2000 1aScipione